Quelle vill est-ce ? - Statistiques

Statistiques générales
  • Ce quiz a été pris 30 fois
  • Le résultat moyen est 8 sur 11
Statistiques - réponses
Par images Réponse % Correct
Londres
100%
Paris
100%
New York
93%
Barcelone
83%
Dubai
83%
Avignon
72%
Rome
72%
Lyon
62%
Shanghai
52%
Los Angeles
41%
Zürich
21%
Aucun quiz correspondant
Distribution des résultats
% des personnes avec chaque résultat
Percentile par nombre de réponses
Votre historique - résultats
Vous n’avez pas pris ce quiz